000 00768nam a22002177a 4500
005 20180710130529.0
010 _aB-223558
020 _a817629702X
_c480.00
035 _aB-223558
037 _bDeep & Deep Publicationa Pvt. Ltd.
082 _a338.95412
100 _aSingh, Mandeep
245 _aPunjab today
_cMandeep Singh [and] Harvinder Kaur
260 _aNew Delhi
_bDeep & Deep Publicationa Pvt. Ltd.
_c2005
270 _aF-159, Rajouri Garden, New Delhi-110027
_bNew Delhi
_e110027
300 _a292p.
_c23cm(hb)
500 _aIt include index
700 _aKaur, Harvinder
942 _2ddc
_cEN
_h338.95412
_mMAN
999 _c153739
_d153739